[Event "Usti nad Labem op U13/15"]
[Site "Usti nad Labem"]
[Date "2007.06.27"]
[Round "7"]
[White "Herda, Tomas"]
[Black "Skut, Michal"]
[Result "0-1"]
[WhiteElo "1479"]
[BlackElo "1939"]
[PlyCount "68"]
[EventDate "2007.06.21"]
[EventType "swiss"]
[EventRounds "7"]
[EventCountry "CZE"]
[SourceTitle "EXT 2008"]
[Source "ChessBase"]
[SourceDate "2007.11.25"]
[SourceVersion "1"]
[SourceVersionDate "2007.11.25"]
[SourceQuality "1"]

1. e4 c5 2. b3 Nc6 3. Bb2 e5 4. Bb5 Nge7 5. Bxc6 Nxc6 6. d3 d6 7. Ne2 g6 8. 0-0 Bg7 9. f4 0-0 10. fxe5 dxe5 11. Nd2 Nd4 12. Ng3 h5 13. Bxd4 cxd4 14. Nf3 h4 15. Nh1 h3 16. Rf2 Qe7 17. Qd2 f6 18. gxh3 Kh7 19. Rg2 Bh6 20. Qe2 Be3+ 21. Nf2 f5 22. Kh1 Qf6 23. Rf1 Bxf2 24. Rfxf2 f4 25. Rf1 Bxh3 26. Ng5+ Kg7 27. Nxh3 f3 28. Qf2 fxg2+ 29. Kxg2 Qxf2+ 30. Nxf2 Rf4 31. h3 Raf8 32. a3 R8f7 33. a4 a5 34. Kg1 Kf8 0-1